Le Musée français (Record no. 160438)
[ view plain ]
| 000 -LEADER | |
|---|---|
| campo de control de longitud fija | 01077nam a22002771 4500 |
| 001 - NÚMERO DE CONTROL | |
| campo de control | 160438 |
| 003 - IDENTIFICADOR DE NÚMERO DE CONTROL | |
| campo de control | ES-MaACL |
| 005 - FECHA Y HORA DE LA ÚLTIMA TRANSACCIÓN | |
| campo de control | 20250818101702.0 |
| 008 - DATOS DE LONGITUD FIJA--INFORMACIÓN GENERAL | |
| campo de control de longitud fija | 040927q18581860fr acf |||| |dfre d |
| 022 ## - NÚMERO INTERNACIONAL NORMALIZADO PARA PUBLICACIONES SERIADAS | |
| Número Internacional Normalizado para Publicaciones Seriadas | 9967-5757 |
| 040 ## - FUENTE DE CATALOGACIÓN | |
| Centro catalogador/agencia de origen | CAM |
| Lengua de catalogación | spa |
| Centro/agencia transcriptor | CAM |
| 245 03 - MENCIÓN DEL TÍTULO | |
| Título | Le Musée français |
| Resto del título | : [Galerie de portraits dessinés et gravés d'après les meilleures photographies]. |
| 246 3# - FORMA VARIANTE DEL TITULO | |
| Título propio/Titulo breve | Le Journal amusant |
| 260 ## - PUBLICACIÓN, DISTRIBUCIÓN, ETC. | |
| Lugar de publicación, distribución, etc. | Paris : |
| Nombre del editor, distribuidor, etc. | [Le Musée français], |
| Fecha de publicación, distribución, etc. | [1858]-[1860] ( |
| Fabricante | Typ. Henri Plon) |
| 300 ## - DESCRIPCIÓN FÍSICA | |
| Extensión | 1 v. , 92 h. de lám. ; |
| Dimensiones | 21 cm. |
| 580 ## - NOTA DE RELACIÓN COMPLEJA | |
| Nota de relación compleja | Es suplemento de: Le Journal amusant. |
| 594 ## - Nota al título y mención de responsabilidad | |
| Nota al título y mención de responsabilidad | Subtít. tomado de principio de texto. |
| 594 ## - Nota al título y mención de responsabilidad | |
| Nota al título y mención de responsabilidad | Edouard Blot ejerce ca. 1860-1880. |
| 595 ## - | |
| -- | A pie de p. consta : "Supplement du Journal amusant" |
| 599 ## - NOTA A LAS ILUSTRACIONES | |
| NOTA A LAS ILUSTRACIONES | Las h. de lám. lit. son retratos. |
| 599 ## - NOTA A LAS ILUSTRACIONES | |
| NOTA A LAS ILUSTRACIONES | Cada lám. va acompañada de 1 ó 2 h. de texto, con la biografía del personaje. |
| 650 #4 - PUNTO DE ACCESO ADICIONAL DE MATERIA--TÉRMINO DE MATERIA | |
| Término de materia o nombre geográfico como elemento de entrada | Celebridades- |
| Subdivisión general | Biografías. |
| 9 (RLIN) | 143758 |
| 650 07 - PUNTO DE ACCESO ADICIONAL DE MATERIA--TÉRMINO DE MATERIA | |
| Término de materia o nombre geográfico como elemento de entrada | Retratos |
| Fuente del encabezamiento o término | embne |
| 9 (RLIN) | 16889 |
| 852 ## - LOCALIZACIÓN | |
| Ubicación | ES-MaACL |
| Número de control de estantería | G-8635 |
| Nota libre | -- Enc. hol. |
| Estatus retirado | Estado de pérdida | Estado de daño | No para préstamo | Colección | Biblioteca de origen | Biblioteca actual | Ubicación en estantería | Fecha de adquisición | Fuente de adquisición | Total de préstamos | Signatura topográfica completa | Código de barras | Visto por última vez | Precio de reemplazo | Tipo de ítem Koha |
|---|---|---|---|---|---|---|---|---|---|---|---|---|---|---|---|
| Libros del s. XIX | Biblioteca del Ateneo de Madrid | Biblioteca del Ateneo de Madrid | Sala Pecera Planta 3 | 17/01/2008 | G-8635 | 1167992 | 23/02/2023 | 23/02/2023 | Libro impreso antiguo |
